[Event "XXVI Corsicoscacchi Magistrale"]
[Site "Corsico ITA"]
[Date "2003.05.01"]
[Round "2"]
[White "Di Lascio, Savino"]
[Black "Cazzaniga, Walter"]
[Result "0-1"]
[WhiteElo "1895"]
[BlackElo "2094"]
[PlyCount "110"]
[EventDate "2003.04.30"]

1. Nf3 Nf6 2. g3 g6 3. Bg2 Bg7 4. O-O c5 5. d3 O-O 6. e4 d6 7. c3 Nc6 8. Na3
Rb8 9. h3 b5 10. Be3 b4 11. Nc4 bxc3 12. bxc3 Ba6 13. Nfd2 Nd7 14. Qc2 Qc7 15.
f4 e6 16. f5 exf5 17. exf5 Rfe8 18. fxg6 hxg6 19. Bg5 Nde5 20. Bd5 Bc8 21. g4
Be6 22. Ne3 Qd7 23. Ne4 Ne7 24. Bxe6 fxe6 25. d4 cxd4 26. cxd4 Rbc8 27. Qh2 Nc4
28. Nxc4 Rxc4 29. Bf6 Rxd4 30. Bxd4 Bxd4+ 31. Kh1 Bxa1 32. Rxa1 Qc6 33. Qg2 Kg7
34. Rd1 Nd5 35. Qb2+ e5 36. Rc1 Nc3 37. Rxc3 Qxe4+ 38. Kh2 Re7 39. Rb3 Rc7 40.
Rc3 Qf4+ 41. Kg2 Qe4+ 42. Kh2 Rf7 43. Qd2 d5 44. Rc5 d4 45. a4 d3 46. Rc3 Qd4
47. Kg3 e4 48. Rc1 e3 49. Qg2 g5 50. h4 d2 51. Rd1 Qf4+ 52. Kh3 Qf3+ 53. Qxf3
Rxf3+ 54. Kg2 Rf2+ 55. Kg1 e2 0-1

[Event "XXVI Corsicoscacchi Magistrale"]
[Site "Corsico ITA"]
[Date "2003.05.01"]
[Round "2"]
[White "Gentili, Gianguido"]
[Black "Cereda, Loris"]
[Result "1-0"]
[WhiteElo "1768"]
[BlackElo "1917"]
[PlyCount "85"]
[EventDate "2003.04.30"]

1. e4 e5 2. Nf3 Nc6 3. Bc4 Bc5 4. b4 Bb6 5. c3 Nf6 6. Qb3 O-O 7. d3 d6 8. Bg5
Qe7 9. Nbd2 Be6 10. O-O Nd8 11. d4 Bxc4 12. Nxc4 exd4 13. a4 c5 14. cxd4 cxd4
15. Nxb6 axb6 16. Nxd4 Qxe4 17. Bxf6 gxf6 18. Nb5 Ne6 19. Nxd6 Qe5 20. Nb5 Rac8
21. Rfe1 Qg5 22. Re3 Kh8 23. Nd6 Rc7 24. Nxf7+ Rfxf7 25. Rxe6 Rc1+ 26. Re1 Rfc7
27. Raxc1 Rxc1 28. Qe6 Qd2 29. Qxf6+ Kg8 30. Qe6+ Kg7 31. Kf1 Qf4 32. g3 Rxe1+
33. Qxe1 Qc4+ 34. Kg1 Qc6 35. Qa1+ Kg6 36. h4 Qe4 37. Qc3 Qb1+ 38. Kg2 Qe4+ 39.
Qf3 Qxb4 40. Qxb7 Qd4 41. Qc6+ Kg7 42. h5 Qg4 43. h6+ 1-0

[Event "XXVI Corsicoscacchi Magistrale"]
[Site "Corsico ITA"]
[Date "2003.05.01"]
[Round "2"]
[White "Lanzani, Giuliano"]
[Black "Mazzariol, Oscar"]
[Result "1/2-1/2"]
[WhiteElo "1833"]
[BlackElo "2061"]
[PlyCount "57"]
[EventDate "2003.04.30"]

1. e4 c5 2. Nc3 Nc6 3. g3 g6 4. Bg2 Bg7 5. Nge2 e6 6. d3 Nge7 7. Be3 Nd4 8. Qd2
O-O 9. O-O Qa5 10. Nxd4 cxd4 11. Nd5 Qd8 12. Nxe7+ Qxe7 13. Bh6 Bxh6 14. Qxh6
Qc5 15. Qd2 d6 16. c4 a5 17. h4 Kg7 18. a3 a4 19. Qb4 Bd7 20. Qxc5 dxc5 21. e5
Ra6 22. f4 h5 23. Rac1 Rb6 24. Rf2 Rc8 25. Be4 Bc6 26. Bxc6 Rcxc6 27. Kg2 Rb3
28. Rd2 Rcb6 29. Rcc2 1/2-1/2

[Event "XXVI Corsicoscacchi Magistrale"]
[Site "Corsico ITA"]
[Date "2003.05.01"]
[Round "2"]
[White "Pattarello, Pierluigi"]
[Black "Lapiccirella, Daniele"]
[Result "0-1"]
[WhiteElo "1815"]
[BlackElo "2105"]
[PlyCount "60"]
[EventDate "2003.04.30"]

1. d4 d5 2. c4 c6 3. Nf3 Nf6 4. Nc3 e6 5. e3 Nbd7 6. Bd3 Be7 7. O-O O-O 8. a3
b6 9. cxd5 exd5 10. b4 Re8 11. Bb2 Bd6 12. Qc2 Qe7 13. Rac1 Bb7 14. Nd2 a5 15.
b5 c5 16. dxc5 bxc5 17. a4 Qe5 18. g3 Qh5 19. Be2 Qh3 20. Bf3 Ng4 21. Bxg4 Qxg4
22. f3 Qh3 23. e4 Bxg3 24. Nb3 Bf4 25. Rce1 d4 26. Nd1 Re6 27. Bc1 Rg6+ 28. Kh1
d3 29. Qf2 Bg3 30. Qd2 Bxe1 0-1

[Event "XXVI Corsicoscacchi Magistrale"]
[Site "Corsico ITA"]
[Date "2003.05.01"]
[Round "2"]
[White "Radice, Luca"]
[Black "Piazza, Angelo"]
[Result "1-0"]
[WhiteElo "2087"]
[BlackElo "1800"]
[PlyCount "75"]
[EventDate "2003.04.30"]

1. d4 Nf6 2. c4 c5 3. d5 b5 4. Qc2 bxc4 5. e4 d6 6. Bxc4 g6 7. Nc3 Bg7 8. h3
O-O 9. Nf3 Ba6 10. Bxa6 Nxa6 11. Bf4 Nb4 12. Qd2 Nd7 13. O-O Re8 14. a3 Na6 15.
Rfe1 Qb6 16. e5 dxe5 17. Nxe5 Nxe5 18. Bxe5 Bxe5 19. Rxe5 Qf6 20. Rae1 Rab8 21.
d6 e6 22. Qe2 c4 23. Ra5 Rb6 24. Nd5 Qd8 25. Nxb6 Qxb6 26. Qe5 Nb8 27. Qb5 Qxb5
28. Rxb5 Nd7 29. Rb7 Rd8 30. Rxa7 Nc5 31. Rc1 Rxd6 32. Rxc4 Rd1+ 33. Kh2 Nb3
34. Rc8+ Kg7 35. Rcc7 Nd2 36. Rxf7+ Kg8 37. g4 Nf1+ 38. Kg2 1-0

[Event "XXVI Corsicoscacchi Magistrale"]
[Site "Corsico ITA"]
[Date "2003.05.01"]
[Round "2"]
[White "Rossi, Giampiero"]
[Black "Nannelli, Paolo"]
[Result "1/2-1/2"]
[WhiteElo "2052"]
[BlackElo "2174"]
[PlyCount "101"]
[EventDate "2003.04.30"]

1. d4 e6 2. c4 f5 3. Nc3 Nf6 4. Nf3 Bb4 5. Bd2 O-O 6. g3 c6 7. Bg2 d5 8. cxd5
exd5 9. O-O Bd6 10. Bf4 Bxf4 11. gxf4 Ne4 12. e3 Nd7 13. Qc2 Qe7 14. Rab1 Ndf6
15. Rfe1 Qf7 16. Ne5 Qh5 17. Qe2 Qh4 18. f3 Nd6 19. b4 a6 20. a4 Bd7 21. b5
axb5 22. axb5 Be8 23. bxc6 bxc6 24. Rb3 h6 25. Reb1 g5 26. fxg5 hxg5 27. Qf2
Qh6 28. Rb8 Ra3 29. Qb2 Ra7 30. Qb4 Nh5 31. Qc5 Rh7 32. Nxc6 g4 33. Qxd5+ Kh8
34. Qe5+ Rg7 35. f4 g3 36. h3 Kh7 37. d5 Nc4 38. Qd4 Nxe3 39. Qxe3 Nxf4 40.
Rxe8 Rxe8 41. Qxe8 Nxh3+ 42. Kf1 Qf4+ 43. Ke2 Qf2+ 44. Kd1 Qg1+ 45. Kc2 Qxg2+
46. Qe2 Qxe2+ 47. Nxe2 g2 48. Ncd4 Rd7 49. Nxf5 Rxd5 50. Rb7+ Kh8 51. Rb8+
1/2-1/2

[Event "XXVI Corsicoscacchi Magistrale"]
[Site "Corsico ITA"]
[Date "2003.05.01"]
[Round "2"]
[White "Zigura, Oleg"]
[Black "Lucchese, Paolo"]
[Result "1-0"]
[WhiteElo "2367"]
[BlackElo "1818"]
[PlyCount "43"]
[EventDate "2003.04.30"]

1. e4 c5 2. Nf3 Nc6 3. Bb5 g6 4. O-O Bg7 5. Bxc6 dxc6 6. d3 Bg4 7. h3 Bxf3 8.
Qxf3 e5 9. Be3 b6 10. a3 Qd6 11. Nd2 Ne7 12. b4 cxb4 13. Nc4 Qe6 14. axb4 O-O
15. Ra3 f5 16. Rfa1 fxe4 17. Qxe4 Nd5 18. Rxa7 Rxa7 19. Rxa7 Nxb4 20. Qh4 Rf7
21. Qd8+ Rf8 22. Rxg7+ 1-0

[Event "XXVI Corsicoscacchi Magistrale"]
[Site "Corsico ITA"]
[Date "2003.05.01"]
[Round "3"]
[White "Astengo, Marcello"]
[Black "Popa, Florin"]
[Result "1-0"]
[WhiteElo "2055"]
[BlackElo "2204"]
[PlyCount "85"]
[EventDate "2003.04.30"]

1. d4 g6 2. c4 Bg7 3. Nc3 d6 4. e4 Nd7 5. Be3 e5 6. d5 Ne7 7. Bd3 O-O 8. Qd2 f5
9. Bg5 f4 10. f3 Bf6 11. h4 Bxg5 12. hxg5 a6 13. Qf2 Rf7 14. O-O-O Nf8 15. Nge2
c5 16. Kb1 Bd7 17. g3 fxg3 18. Qxg3 b5 19. Rdf1 Rb8 20. f4 exf4 21. Rxf4 Rxf4
22. Qxf4 bxc4 23. Bxc4 Rb4 24. b3 Nc8 25. Rf1 Qe7 26. Nc1 Nb6 27. Bxa6 Bf5 28.
Bd3 Rd4 29. Bc2 Bh3 30. Rf3 Bc8 31. N1e2 Nfd7 32. Nxd4 cxd4 33. Nb5 Ne5 34. Qf6
Qxf6 35. Rxf6 d3 36. Bd1 Nf7 37. Nxd6 Nxg5 38. Nxc8 Nxc8 39. Rc6 Ne7 40. Rc7
Kf8 41. d6 Ng8 42. Rc8+ Kf7 43. d7 1-0

[Event "XXVI Corsicoscacchi Magistrale"]
[Site "Corsico ITA"]
[Date "2003.05.01"]
[Round "3"]
[White "Cartella, Giovanni"]
[Black "Di Lascio, Savino"]
[Result "0-1"]
[WhiteElo "1803"]
[BlackElo "1895"]
[PlyCount "60"]
[EventDate "2003.04.30"]

1. d4 Nf6 2. Nf3 e6 3. Bg5 Be7 4. e3 O-O 5. Bd3 d5 6. h4 b6 7. Ne5 Ba6 8. Bxa6
Nxa6 9. Nc6 Qd6 10. Nxe7+ Qxe7 11. c3 c5 12. Qf3 cxd4 13. Bxf6 gxf6 14. exd4
Kh8 15. Nd2 b5 16. a3 Rac8 17. Qe2 Nc7 18. Nf3 Rg8 19. g3 a6 20. h5 Ne8 21. Nh4
Nd6 22. g4 Ne4 23. Ng2 Qc7 24. Rc1 f5 25. Ne3 fxg4 26. Ng2 Rg5 27. h6 Rcg8 28.
Qe3 Rf5 29. O-O Rf3 30. Qe1 Rh3 0-1

[Event "XXVI Corsicoscacchi Magistrale"]
[Site "Corsico ITA"]
[Date "2003.05.01"]
[Round "3"]
[White "Cazzaniga, Walter"]
[Black "Bozzali, Ermanno"]
[Result "0-1"]
[WhiteElo "2094"]
[BlackElo "2095"]
[PlyCount "82"]
[EventDate "2003.04.30"]

1. d4 f5 2. Nf3 Nf6 3. g3 g6 4. Bg2 Bg7 5. O-O O-O 6. c4 d6 7. Nc3 Nc6 8. d5
Na5 9. Nd2 c5 10. Qc2 e5 11. dxe6 Bxe6 12. Nd5 Nxd5 13. cxd5 Bd7 14. Rb1 b5 15.
b3 Rc8 16. Bb2 Qe7 17. Bxg7 Qxg7 18. Rfe1 c4 19. b4 Nb7 20. e3 Nd8 21. Nf3 Re8
22. Nd4 Nf7 23. Red1 Ne5 24. Qc3 g5 25. Qa3 f4 26. exf4 gxf4 27. Qa6 Nd3 28.
Nf3 Bg4 29. Qxb5 Bxf3 30. Bxf3 Qd4 31. Rd2 fxg3 32. hxg3 Rf8 33. Qd7 c3 34. Rc2
Ne5 35. Qe6+ Kh8 36. Bg2 Rxf2 37. Rxf2 Rf8 38. Bf3 Nxf3+ 39. Kg2 Nh4+ 40. Kh3
Qxf2 41. Kxh4 Rg8 0-1

[Event "XXVI Corsicoscacchi Magistrale"]
[Site "Corsico ITA"]
[Date "2003.05.01"]
[Round "3"]
[White "Cereda, Loris"]
[Black "Cedriano, Filippo"]
[Result "0-1"]
[WhiteElo "1917"]
[BlackElo "1807"]
[PlyCount "77"]
[EventDate "2003.04.30"]

1. e4 d6 2. d4 g6 3. Nf3 Bg7 4. c3 Nf6 5. Nbd2 c6 6. Be2 O-O 7. O-O Qc7 8. Qc2
Nbd7 9. Nc4 e5 10. dxe5 dxe5 11. Be3 b5 12. Ncd2 Nb6 13. c4 bxc4 14. Nxc4 Nxc4
15. Qxc4 a5 16. Qc2 Bb7 17. Rac1 Rfd8 18. Nd2 Ne8 19. Nc4 c5 20. f3 Rac8 21.
Rfd1 Ba6 22. Qa4 Rd4 23. Bxd4 exd4 24. Bd3 Bxc4 25. Bxc4 Be5 26. h3 Bf4 27. Rc2
Be3+ 28. Kh1 Nd6 29. Re2 Rb8 30. Qc2 Nxc4 31. Qxc4 Rb4 32. Qd5 Qg3 33. Rxe3
dxe3 34. Qxc5 e2 35. Rd8+ Kg7 36. Qc3+ Kh6 37. Qe3+ Qg5 38. Rd3 Rxb2 39. Kh2
0-1

[Event "XXVI Corsicoscacchi Magistrale"]
[Site "Corsico ITA"]
[Date "2003.05.01"]
[Round "3"]
[White "Damia, Angelo"]
[Black "Chiaretti, Roberto"]
[Result "0-1"]
[WhiteElo "1991"]
[BlackElo "2194"]
[PlyCount "89"]
[EventDate "2003.04.30"]

1. e4 c5 2. d4 cxd4 3. c3 Nc6 4. cxd4 d5 5. e5 Bf5 6. a3 e6 7. Nf3 Nge7 8. b4
Rc8 9. Bb2 Ng6 10. Nbd2 Be7 11. Nb3 O-O 12. Rc1 f6 13. h4 Bg4 14. h5 Nh8 15. b5
Nb8 16. h6 g6 17. exf6 Rxf6 18. Be2 Bxf3 19. Bxf3 Nf7 20. Rxc8 Qxc8 21. Qc1
Qxc1+ 22. Bxc1 b6 23. Ke2 Nd7 24. Bd2 Nd6 25. Bb4 Kf7 26. a4 Nc4 27. Bxe7 Kxe7
28. Nd2 Na5 29. Rc1 Rf8 30. Rc3 Kd6 31. Ke3 Nf6 32. Be2 Ng8 33. Nb3 Nxb3 34.
Rxb3 Rc8 35. a5 Nxh6 36. axb6 axb6 37. Ra3 Nf5+ 38. Kd3 Rc4 39. Ra6 Rxd4+ 40.
Kc3 Kc5 41. g4 Nd6 42. Ra7 Ne4+ 43. Kb3 Rd2 44. Rc7+ Kd4 45. Rc6 0-1

[Event "XXVI Corsicoscacchi Magistrale"]
[Site "Corsico ITA"]
[Date "2003.05.01"]
[Round "3"]
[White "Kidane, Robel"]
[Black "Lucchese, Paolo"]
[Result "1/2-1/2"]
[WhiteElo "2054"]
[BlackElo "1818"]
[PlyCount "87"]
[EventDate "2003.04.30"]

1. e4 e5 2. Nf3 Nc6 3. Bb5 a6 4. Ba4 Nf6 5. O-O b5 6. Bb3 Be7 7. Re1 d6 8. c3
Na5 9. Bc2 c5 10. d4 Qc7 11. a4 b4 12. cxb4 cxb4 13. b3 Bg4 14. Nbd2 exd4 15.
Bb2 O-O 16. Rc1 Qb8 17. h3 Bxf3 18. Nxf3 Nc6 19. Nxd4 Nxd4 20. Bxd4 Rd8 21. f4
g6 22. Qf3 Nd7 23. Bd3 Rc8 24. e5 Rxc1 25. Rxc1 Nc5 26. Bc4 Ra7 27. Qd5 Qf8 28.
exd6 Bxd6 29. Bxa6 Rc7 30. Bc4 Nxb3 31. Bb6 Nxc1 32. Bxc7 Bxc7 33. a5 Qe8 34.
Qd2 g5 35. fxg5 Qe5 36. Qxc1 Qh2+ 37. Kf2 Qg3+ 38. Kg1 Bf4 39. Qd1 Be3+ 40. Kh1
Qxg5 41. Qg4 Qxg4 42. hxg4 Bf2 43. a6 Kg7 44. g3 1/2-1/2

[Event "XXVI Corsicoscacchi Magistrale"]
[Site "Corsico ITA"]
[Date "2003.05.01"]
[Round "3"]
[White "Lapiccirella, Daniele"]
[Black "Bonazzi, Edoardo"]
[Result "1/2-1/2"]
[WhiteElo "2105"]
[BlackElo "2153"]
[PlyCount "31"]
[EventDate "2003.04.30"]

1. d4 Nf6 2. c4 c5 3. dxc5 e6 4. Nf3 Bxc5 5. Nc3 a6 6. e3 Qc7 7. Be2 O-O 8. O-O
Be7 9. Qc2 b6 10. b3 d5 11. Bb2 dxc4 12. Bxc4 Bb7 13. Bd3 Nbd7 14. Rac1 Rfc8
15. Qe2 Qd8 16. Rfd1 1/2-1/2

[Event "XXVI Corsicoscacchi Magistrale"]
[Site "Corsico ITA"]
[Date "2003.05.01"]
[Round "3"]
[White "Mazzariol, Oscar"]
[Black "Pattarello, Pierluigi"]
[Result "1/2-1/2"]
[WhiteElo "2061"]
[BlackElo "1815"]
[PlyCount "51"]
[EventDate "2003.04.30"]

1. e4 e6 2. d4 d5 3. e5 c5 4. c3 Nc6 5. Nf3 Qb6 6. a3 cxd4 7. cxd4 Nge7 8. Nc3
Nf5 9. Na4 Qd8 10. b4 Bd7 11. Nc5 b6 12. Nxd7 Qxd7 13. Bb5 Rc8 14. g4 Nfe7 15.
Bg5 h6 16. Bxe7 Bxe7 17. Qa4 O-O 18. O-O a6 19. Qxa6 Qa7 20. Rac1 Qxa6 21. Bxa6
Ra8 22. Bb7 Rxa3 23. Rxc6 Rxf3 24. Rxb6 Rb3 25. f4 Rxb4 26. Rxb4 1/2-1/2

[Event "XXVI Corsicoscacchi Magistrale"]
[Site "Corsico ITA"]
[Date "2003.05.01"]
[Round "3"]
[White "Nannelli, Paolo"]
[Black "Lanzani, Giuliano"]
[Result "1-0"]
[WhiteElo "2174"]
[BlackElo "1833"]
[PlyCount "85"]
[EventDate "2003.04.30"]

1. c4 Nf6 2. g3 d6 3. Bg2 Nbd7 4. Nc3 c6 5. e4 e5 6. Nge2 Be7 7. O-O O-O 8. d3
a6 9. h3 b5 10. Be3 Re8 11. cxb5 axb5 12. b4 Nf8 13. d4 exd4 14. Nxd4 Bd7 15.
e5 Nd5 16. Nxd5 cxd5 17. Bxd5 Bxh3 18. Qf3 Be6 19. Nxe6 Nxe6 20. Bxa8 Qxa8 21.
Qxa8 Rxa8 22. exd6 Bxd6 23. a3 Be5 24. Ra2 g6 25. Rd1 Bc3 26. Rb1 Kg7 27. Rb3
Bd4 28. Rd2 Bxe3 29. Rxe3 Kf6 30. Rd7 Rf8 31. Kg2 g5 32. Rf3+ Kg6 33. Rb7 g4
34. Rd3 Ng5 35. Rxb5 Rc8 36. Rc5 Re8 37. Rxg5+ Kxg5 38. b5 h5 39. Rd5+ f5 40.
b6 h4 41. gxh4+ Kxh4 42. Rxf5 Rb8 43. Rb5 1-0

[Event "XXVI Corsicoscacchi Magistrale"]
[Site "Corsico ITA"]
[Date "2003.05.01"]
[Round "3"]
[White "Pelizzola, Danilo"]
[Black "Massironi, Marco"]
[Result "1-0"]
[WhiteElo "1998"]
[BlackElo "2082"]
[PlyCount "66"]
[EventDate "2003.04.30"]

1. d4 Nf6 2. Nf3 g6 3. Bf4 Bg7 4. Nbd2 d5 5. e3 O-O 6. Be2 Nbd7 7. Ne5 Nxe5 8.
Bxe5 c6 9. c3 Re8 10. O-O h5 11. Re1 Ng4 12. Bxg7 Kxg7 13. Nf3 Bf5 14. Ne5 Nh6
15. f4 f6 16. Nd3 Bxd3 17. Qxd3 e5 18. fxe5 fxe5 19. Rf1 e4 20. Qd2 Qg5 21. Rf4
Nf5 22. Raf1 Rf8 23. Kh1 Rf6 24. g4 hxg4 25. Bxg4 Rh8 26. Bxf5 Rff8 27. Rg1
Qxf5 28. Rxf5 Rxf5 29. Qg2 g5 30. Rf1 Kg6 31. Rxf5 Kxf5 32. Qg3 Rh4 33. Qc7 Kg4
1-0

[Event "XXVI Corsicoscacchi Magistrale"]
[Site "Corsico ITA"]
[Date "2003.05.01"]
[Round "3"]
[White "Piazza, Angelo"]
[Black "Bini, Lorenzo"]
[Result "0-1"]
[WhiteElo "1800"]
[BlackElo "2065"]
[PlyCount "127"]
[EventDate "2003.04.30"]

1. b3 f5 2. Bb2 Nf6 3. Nf3 b6 4. e3 Bb7 5. Be2 e6 6. O-O g6 7. Re1 Bg7 8. d3
O-O 9. Nbd2 Na6 10. c4 Qe8 11. a3 d6 12. Qc2 Nc5 13. b4 Ncd7 14. Qb3 e5 15.
Rac1 c5 16. d4 e4 17. Ng5 h6 18. Nh3 g5 19. bxc5 dxc5 20. d5 Ne5 21. a4 Qb8 22.
a5 Nfg4 23. g3 Qd6 24. axb6 axb6 25. Rb1 Rfb8 26. Bxe5 Qxe5 27. Qxb6 Bxd5 28.
Qxc5 Bf7 29. Qxe5 Nxe5 30. Kg2 Rxb1 31. Rxb1 Ra2 32. Rd1 Be8 33. Nb3 Rxe2 34.
Rd8 Kf7 35. Nd4 Rd2 36. Rc8 Bd7 37. Rc7 Kf8 38. c5 f4 39. gxf4 Bxh3+ 40. Kxh3
Nf7 41. Ne6+ Kg8 42. fxg5 Nxg5+ 43. Nxg5 hxg5 44. Re7 Rxf2 45. Rxe4 Rc2 46.
Re8+ Kf7 47. Rc8 Kg6 48. Kg3 Be5+ 49. Kg4 Rxh2 50. Rc6+ Bf6 51. e4 Rh4+ 52. Kf3
Kf7 53. Rc8 Be5 54. c6 g4+ 55. Kg2 Rh2+ 56. Kg1 Rc2 57. Kf1 g3 58. Rd8 Rxc6 59.
Rd5 Kf6 60. Rd2 Kg5 61. Kg2 Kf4 62. Re2 Rh6 63. Re1 Rh2+ 64. Kg1 0-1

[Event "XXVI Corsicoscacchi Magistrale"]
[Site "Corsico ITA"]
[Date "2003.05.01"]
[Round "3"]
[White "Podini, Francesco"]
[Black "De Santis, Massimo"]
[Result "1/2-1/2"]
[WhiteElo "2043"]
[BlackElo "1840"]
[PlyCount "66"]
[EventDate "2003.04.30"]

1. e4 d5 2. exd5 Qxd5 3. Nc3 Qa5 4. g3 Nf6 5. Bg2 c6 6. Nge2 Bf5 7. O-O e6 8.
h3 Bd6 9. d4 h6 10. Nf4 O-O 11. Re1 Nbd7 12. Nd3 Rfe8 13. f4 Nd5 14. Ne4 Be7
15. Kh2 Rad8 16. c3 N5f6 17. Nxf6+ Nxf6 18. Ne5 Qc7 19. g4 Bh7 20. Kh1 Nd7 21.
Qe2 Nxe5 22. fxe5 c5 23. Be3 cxd4 24. cxd4 Rb8 25. Rac1 Qd7 26. Red1 Rec8 27.
a3 Rxc1 28. Rxc1 Rc8 29. Rxc8+ Qxc8 30. Qb5 b6 31. Bc6 Bg6 32. Kg2 Bd8 33. Bf3
Bh4 1/2-1/2

[Event "XXVI Corsicoscacchi Magistrale"]
[Site "Corsico ITA"]
[Date "2003.05.01"]
[Round "3"]
[White "Stefanetti, Marco"]
[Black "Zigura, Oleg"]
[Result "0-1"]
[WhiteElo "1873"]
[BlackElo "2367"]
[PlyCount "138"]
[EventDate "2003.04.30"]

1. d4 Nf6 2. Nf3 g6 3. c4 Bg7 4. Nc3 d5 5. Qb3 dxc4 6. Qxc4 Nc6 7. d5 Na5 8.
Qa4+ c6 9. dxc6 Nxc6 10. Ne5 O-O 11. Nxc6 bxc6 12. e4 Nd7 13. Be2 Nc5 14. Qc2
Ne6 15. Be3 Qa5 16. O-O Nd4 17. Bxd4 Bxd4 18. Kh1 Rb8 19. Rab1 Be6 20. a3 Rfd8
21. h3 Kg7 22. f4 Bb3 23. Qc1 Qc5 24. Rf3 e5 25. f5 f6 26. Rg3 Bf2 27. Rf3 g5
28. Nd1 Qxc1 29. Rxc1 Bxd1 30. Rxd1 Rxd1+ 31. Bxd1 Rxb2 32. Ba4 Rb1+ 33. Kh2
Bg1+ 34. Kg3 Rc1 35. Rd3 h5 36. Kf3 Rc4 37. Bb3 g4+ 38. hxg4 hxg4+ 39. Kxg4
Rxe4+ 40. Kh5 Bd4 41. Rg3+ Kf8 42. Rg8+ Ke7 43. Rg7+ Kd8 44. Be6 Bc5 45. Kg6
Ra4 46. Rd7+ Ke8 47. Kxf6 e4 48. Rc7 Bd4+ 49. Kg6 e3 50. Rxc6 Ke7 51. Rc2 Be5
52. Re2 Rg4+ 53. Kh5 Rg3 54. Kh4 Kf6 55. a4 a5 56. Bd7 Bf4 57. Be6 Ke5 58. Bd7
Rg7 59. Bc8 Rc7 60. Be6 Ke4 61. f6 Kd3 62. Kg4 Kxe2 63. Kxf4 Kf2 64. Bg4 Rc4+
65. Kf5 Kg3 66. Be2 Rxa4 67. Ke6 Rf4 68. Bf3 a4 69. f7 a3 0-1

[Event "XXVI Corsicoscacchi Magistrale"]
[Site "Corsico ITA"]
[Date "2003.05.01"]
[Round "3"]
[White "Strada, Stefano"]
[Black "Radice, Luca"]
[Result "0-1"]
[WhiteElo "1815"]
[BlackElo "2087"]
[PlyCount "58"]
[EventDate "2003.04.30"]

1. c4 Nf6 2. Nc3 e6 3. e4 Bb4 4. e5 Ng8 5. a3 Bf8 6. d4 d6 7. Be3 Nc6 8. Nf3
dxe5 9. dxe5 Qxd1+ 10. Rxd1 a6 11. Be2 Nge7 12. Bd3 Ng6 13. Bxg6 hxg6 14. b4
Be7 15. O-O Rh5 16. Bf4 g5 17. g4 Rh3 18. Kg2 Rxf3 19. Kxf3 gxf4 20. Kxf4 f6
21. Ne4 Nxe5 22. c5 g5+ 23. Kg3 Ng6 24. f3 Bd7 25. Nf2 Bb5 26. Rfe1 Kf7 27. Ne4
Rh8 28. Nc3 Bc6 29. Ne2 e5 0-1

[Event "XXVI Corsicoscacchi Magistrale"]
[Site "Corsico ITA"]
[Date "2003.05.01"]
[Round "3"]
[White "Ubezio, Marco"]
[Black "Rossi, Giampiero"]
[Result "1/2-1/2"]
[WhiteElo "2195"]
[BlackElo "2052"]
[PlyCount "104"]
[EventDate "2003.04.30"]

1. d4 d5 2. Bg5 c6 3. e3 h6 4. Bf4 Qb6 5. Qc1 Bf5 6. Nd2 Nf6 7. Ngf3 e6 8. h3
Nbd7 9. Be2 Be7 10. O-O O-O 11. c4 c5 12. cxd5 Nxd5 13. Bg3 N5f6 14. dxc5 Qxc5
15. Nd4 Ne4 16. Nxf5 exf5 17. Nxe4 fxe4 18. Rd1 Nf6 19. Qxc5 Bxc5 20. Be5 Rfd8
21. Bc4 Be7 22. Rac1 Rxd1+ 23. Rxd1 Rd8 24. Rd4 Kf8 25. b3 Rxd4 26. exd4 Nd7
27. Bc7 Nb6 28. Bf1 Nc8 29. Bb5 Bd6 30. Bd7 Bxc7 31. Bxc8 Bb6 32. Bxb7 Bxd4 33.
Bxe4 Ke7 34. Kf1 g5 35. Ke2 h5 36. g3 h4 37. gxh4 gxh4 38. f4 Bg1 39. Kd3 Bh2
40. f5 Kd6 41. Kc4 f6 42. Bf3 Kc7 43. Kb5 Bg1 44. b4 Bf2 45. a4 Be3 46. a5 Bf2
47. Kc4 Bg1 48. Kd5 Bf2 49. b5 Bg1 50. Be2 Bf2 51. b6+ axb6 52. a6 Kb8 1/2-1/2

[Event "XXVI Corsicoscacchi Magistrale"]
[Site "Corsico ITA"]
[Date "2003.05.01"]
[Round "3"]
[White "Zoldan, Matteo"]
[Black "Gentili, Gianguido"]
[Result "1-0"]
[WhiteElo "2124"]
[BlackElo "1768"]
[PlyCount "99"]
[EventDate "2003.04.30"]

1. e4 e5 2. Nc3 Bc5 3. Bc4 Nf6 4. d3 d6 5. Be3 Bxe3 6. fxe3 c6 7. Qf3 O-O 8.
Nge2 b5 9. Bb3 a5 10. a4 b4 11. Nb1 Be6 12. Nd2 Nbd7 13. O-O Qe7 14. Ng3 g6 15.
h3 Kg7 16. Rf2 d5 17. exd5 cxd5 18. Raf1 h5 19. e4 dxe4 20. dxe4 Rac8 21. Bxe6
fxe6 22. Qd3 h4 23. Ne2 Nc5 24. Qb5 Qa7 25. Kh2 Rcd8 26. Ng1 Rxd2 27. Rxd2
Ncxe4 28. Rdd1 Qc7 29. Nf3 Nc5 30. Nxh4 e4+ 31. Kg1 Rh8 32. Nxg6 Kxg6 33. Qc4
Ng4 34. hxg4 Qh2+ 35. Kf2 Rf8+ 36. Ke1 Qg3+ 37. Kd2 Rc8 38. Qe2 Qe5 39. Qf2 e3+
40. Qxe3 Ne4+ 41. Kc1 b3 42. Qxb3 Rb8 43. Qa3 Qg5+ 44. Kb1 Qe5 45. Rf3 Nc5 46.
Qc3 Qg5 47. Rdf1 Ne4 48. Qc7 Nd2+ 49. Ka1 Nxf3 50. Qxb8 1-0

[Event "XXVI Corsicoscacchi Magistrale"]
[Site "Corsico ITA"]
[Date "2003.05.02"]
[Round "4"]
[White "Bini, Lorenzo"]
[Black "Pelizzola, Danilo"]
[Result "1-0"]
[WhiteElo "2065"]
[BlackElo "1998"]
[PlyCount "133"]
[EventDate "2003.04.30"]

1. f4 d5 2. b3 Bf5 3. Bb2 Nd7 4. Nf3 e6 5. g3 Ngf6 6. Bg2 Bc5 7. e3 O-O 8. O-O
c6 9. h3 Re8 10. Kh2 Be4 11. d3 Bxf3 12. Qxf3 Qe7 13. Nd2 Ba3 14. Bxa3 Qxa3 15.
g4 Nf8 16. g5 N6d7 17. e4 Qb2 18. Rac1 Qc3 19. Qf2 b6 20. d4 Re7 21. Nb1 Qb2
22. c4 Qxf2 23. Rxf2 dxe4 24. Bxe4 Rc8 25. Nc3 Nb8 26. f5 Rd8 27. f6 Red7 28.
Ne2 Ng6 29. Kg3 h6 30. h4 gxf6 31. Rxf6 hxg5 32. hxg5 Nf8 33. Rh1 c5 34. Rfh6
Rxd4 35. Nxd4 Rxd4 36. Kf3 Nbd7 37. Ke3 Ne5 38. R1h4 Rd1 39. Rh8+ Kg7 40. Rh1
Rd4 41. R8h4 a6 42. Bc2 Rd8 43. Rd1 Rxd1 44. Bxd1 Nh7 45. Re4 Nc6 46. Rg4 Nf8
47. Bc2 Nd7 48. Rg2 Kf8 49. Be4 Nd8 50. Rd2 Ke7 51. Kf4 Nb8 52. Rh2 Nd7 53. Rh7
Kd6 54. Rg7 Ne5 55. Rg8 Ndc6 56. Bxc6 Nxc6 57. Ra8 a5 58. Rf8 Ke7 59. Rc8 Kd7
60. Ra8 Kd6 61. Ke4 Kd7 62. Rh8 Kd6 63. Rh7 Ne5 64. Rg7 a4 65. bxa4 Nxc4 66.
Rxf7 Nd2+ 67. Kd3 1-0

[Event "XXVI Corsicoscacchi Magistrale"]
[Site "Corsico ITA"]
[Date "2003.05.02"]
[Round "4"]
[White "Bonanno, Alessandro"]
[Black "Nannelli, Paolo"]
[Result "1/2-1/2"]
[WhiteElo "2109"]
[BlackElo "2174"]
[PlyCount "84"]
[EventDate "2003.04.30"]

1. e4 e6 2. d4 d5 3. Nc3 Nf6 4. e5 Nfd7 5. Nce2 c5 6. c3 Nc6 7. f4 Be7 8. Nf3
a5 9. a3 a4 10. Ng3 cxd4 11. cxd4 f5 12. Bd2 Nb6 13. Rc1 Bd7 14. Bd3 O-O 15. h4
Na5 16. Bxa5 Rxa5 17. Ng5 h6 18. Qh5 Qe8 19. Qxe8 Rxe8 20. Nf3 Bb5 21. Kd2 Bxd3
22. Kxd3 Nc4 23. Nd2 b5 24. Nxc4 bxc4+ 25. Kc2 Rb5 26. Ne2 Reb8 27. Rb1 Rb3 28.
Nc3 h5 29. g3 Ra8 30. Rhg1 Kf7 31. Rbd1 Ke8 32. Rg2 Kd7 33. Rb1 Kc6 34. Rgg1
Kb6 35. Rg2 Ka5 36. Rgg1 Rab8 37. Rg2 Bd8 38. Rgg1 Bb6 39. Rgd1 Rh8 40. Rd2 Rh6
41. Rg1 Rg6 42. Rgg2 Rh6 1/2-1/2

[Event "XXVI Corsicoscacchi Magistrale"]
[Site "Corsico ITA"]
[Date "2003.05.02"]
[Round "4"]
[White "Bozzali, Ermanno"]
[Black "Lapiccirella, Daniele"]
[Result "1-0"]
[WhiteElo "2095"]
[BlackElo "2105"]
[PlyCount "65"]
[EventDate "2003.04.30"]

1. e4 c5 2. Nf3 e6 3. d4 cxd4 4. Nxd4 Nc6 5. Nc3 a6 6. g3 Qc7 7. Bg2 Nf6 8. O-O
Nxd4 9. Qxd4 Bc5 10. Bf4 d6 11. Qd2 h6 12. Rad1 e5 13. Be3 Be6 14. Bxc5 dxc5
15. Nd5 Bxd5 16. exd5 Qd6 17. f4 O-O 18. fxe5 Qxe5 19. d6 Qxb2 20. c4 Qxd2 21.
Rxd2 Rab8 22. a4 Rfd8 23. Rb1 b6 24. Re1 Nd7 25. Bd5 Nf8 26. Re7 Ne6 27. Rf2
Ng5 28. Kg2 Rxd6 29. h4 Kf8 30. Ra7 Nh7 31. Rfxf7+ Ke8 32. Rxg7 Nf6 33. g4 1-0